000 01311nam a2200337 i 4500
001 000021771
003 DO-SdBNP
005 20250129073605.0
007 ta
008 100913t2005 dr 000 0 spa d
020 _a999347956X
040 _aDO-SdBNP
_bspa
_cBNPHU
_erda
082 4 _a972.9304
_bP963r
_222
245 0 0 _aProclamas de la restauración /
_ccuidado de edición, Virtudes Uribe, Juan Daniel Balcácer, Edgar Valenzuela
264 _aSanto Domingo :
_bCPEP,
_c2005.
300 _a215 páginas;
_c22 cm.
336 _2rdacontent
_atexto
_btxt
337 _2rdamedia
_asin mediación
_bn
338 _2rdacarrier
_avolumen
_bnc
490 _aComisión Permanente de Efemérides Patrias
_v2
500 _aIncluye referencias bibliográficas y notas al pie de páginas
590 _aInventariado, 2024/BT
651 4 _aRepública Dominicana
_xHistoria
_xRestauración 1863-1865
_943986
651 4 _aRepública Dominicana
_xProclamas
_945237
700 1 _aUribe, Virtudes,
_ecuidado de edición
_980360
700 1 _aBalcácer, Juan Daniel,
_d1949-
_ecuidado de edición
_96566
700 1 _aValenzuela, Edgar,
_ecuidado de edición
_96575
710 1 _aRepública Dominicana
_bComisión Permanente de Efemérides Patria
_945309
910 _aValidado. Control de calidad. EMS
942 _2ddc
_cLBS1
999 _c21270
_d21270